00538nas a2200169 a 4500001001000000003000400010005001700014008004100031040001800072043000900090130002600099245007400125260007600199310001200275362004600287500003500333000031635DLC20200930063051.0110628c19469999dr r1p 0 0eng d aDO-SdBNPbspa anwdr0 aLa unión masónica00aLa unión masónica :bórgano de la respetable logia Nuevo Mundo. aSantiago de los caballeros, :bLogia nuevo mundo,c1946fMuchas gracias aMensual0 a4ta. época, no. 29(28 de julio de 1946) aDirector: Nicanor A. Jiménez